| 000 | 01239cam a2200301 i 4500 | ||
|---|---|---|---|
| 001 | ocn919041847 | ||
| 005 | 20160413103605.0 | ||
| 008 | 160413s2015 xxu frb 001 0 eng d | ||
| 020 | _a9780262528535 | ||
| 020 | _a0262528533 | ||
| 035 |
_a(OCoLC)919041847 _z(OCoLC)926821098 |
||
| 040 |
_aCo-BoUCM _beng _cSaul Niño _dSaul Niño |
||
| 041 | 0 | _aeng | |
| 100 | 1 |
_aHubbard, Timothy P. _976593 |
|
| 245 | 1 | 0 |
_aAuctions _cTimothy P. Hubbard and Harry J. Paarsch |
| 260 |
_aCambridge (Massachusetts, Estados Unidos) _aLondres (Inglaterra) _bThe Mit Press _c2015 |
||
| 300 | _axiii, 247 páginas | ||
| 490 | 0 | _aThe MIT Press essential knowledge series | |
| 505 | 0 | _aAuction formats and pricing rules -- Modeling auctions -- Bidder behavior -- Other assumptions and rules -- Procurement -- Internet auctions -- Multi-unit and multi-object auctions -- Online ad auctions -- Reflections. | |
| 546 | _aTexto en inglés | ||
| 650 | 7 |
_aSubastas _9106 _xAspectos económicos |
|
| 650 | 7 |
_aComercio _911192 |
|
| 650 | 7 |
_aDepósitos de fianza _912664 _xAspectos económicos |
|
| 690 | 0 |
_aEconomía _9174 |
|
| 700 | 1 |
_aPaarsch, Harry J. _976594 |
|
| 942 |
_2DEWEY _a7 _cLIBRO _e1 _h381.17 _mA898 |
||
| 999 |
_c302868 _d302868 |
||